Madonna - Ray of Light - Lyrics - Statistics

General Stats
  • This quiz has been taken 38 times
  • The average score is 171 of 224
Answer Stats
Answer % Correct
I
100%
the
100%
a
95%
And
95%
feel
95%
like
95%
of
95%
just
91%
be
86%
got
86%
home
86%
in
86%
light
86%
sun?
86%
ray
82%
Do
77%
my
77%
night
77%
sky
77%
wonder
77%
at
73%
tears
73%
universe
73%
mourning
68%
She's
68%
she's
68%
sink
68%
beneath
64%
gone
64%
herself
64%
when
64%
Zephyr
64%
everyone
59%
then
59%
to
59%
quickly
55%
than
55%
For
50%
for
50%
it
50%
Quicker
50%
threatens
50%
thunder
50%
where
50%
all
45%
as
45%
flying
45%
little
45%
one
45%
time
45%
Earth
41%
Faster
41%
heaven
41%
I'm
41%
piece
41%
shall
41%
speeding
41%
began
36%
call
36%
remember
36%
Trying
36%
Through
32%
Waiting
32%
Someone
27%
there
27%
will
27%
else
23%
endless
23%
years
23%
No matching quizzes found
Score Distribution
Percent of People with Each Score
Percentile by Number Answered
Your Score History
You have not taken this quiz